Star Wars Vocabulary - Statistics

General Stats
  • This quiz has been taken 301 times
  • The average score is 14 of 20
Answer Stats
Hint Answer % Correct
Light side user of The Force, usually Jedi
99%
Laser sword wielded by Force users Lightsaber
97%
Dark side user of The Force, usually Sith
96%
Term which refers to any type of robot Droid
88%
Large artificial moon used to destroy planets Death Star
86%
Soldiers used by the Galactic Empire and First Order Stormtroopers
86%
Title commonly held by dark side users of The Force Darth
85%
Apprentice for the light side of The Force Padawan
85%
Region which ships "jump to" for light-speed travel Hyperspace
82%
Material which can be used to freeze people alive Carbonite
78%
Spice route which was completed in a record 12 parsecs by Han Solo Kessel Run
71%
Another term for a child Youngling
68%
Massive spaceship used by Galactic Republic and Empire forces Star Destroyer
61%
Term used by Republic soldiers to refer to enemy robots Clanker
52%
Soldiers grown and used by the Galactic Republic Clone Troopers
52%
Medical fluid used to accelerate the healing process Bacta
49%
What resistance fighters were referred to as by Imperial soldiers Rebel Scum
42%
Term used by Mandalorians to refer to the orphans they adopt Foundling
33%
Slang term for the above Bucketheads
26%
A term used by Jar Jar and the Gungans which means "superior" Bombad
18%
No matching quizzes found
Score Distribution
Percent of People with Each Score
Percentile by Number Answered
Your Score History
You have not taken this quiz